<?xml version="1.0" encoding="UTF-8"?>
<collection xmlns:xsi="http://www.w3.org/2001/XMLSchema-instance" xsi:schemaLocation="http://www.loc.gov/MARC21/slim http://www.loc.gov/standards/marcxml/schema/MARC21slim.xsd" xmlns="http://www.loc.gov/MARC21/slim">
 <record>
  <leader>00000cam a22000004i 4500</leader>
  <controlfield tag="001">UP-99796217612423553</controlfield>
  <controlfield tag="003">Buklod</controlfield>
  <controlfield tag="005">20260318100021.0</controlfield>
  <controlfield tag="006">m    go  j        </controlfield>
  <controlfield tag="007">ta</controlfield>
  <controlfield tag="008">260318s2015    ph      rb    000 0 eng d</controlfield>
  <datafield tag="020" ind1=" " ind2=" ">
   <subfield code="a">9789715067737</subfield>
  </datafield>
  <datafield tag="035" ind1=" " ind2=" ">
   <subfield code="a">(iLib)UPD-00261913853</subfield>
  </datafield>
  <datafield tag="040" ind1=" " ind2=" ">
   <subfield code="a">DLC</subfield>
   <subfield code="d">DMLF</subfield>
   <subfield code="e">rda</subfield>
  </datafield>
  <datafield tag="041" ind1=" " ind2=" ">
   <subfield code="a">eng</subfield>
  </datafield>
  <datafield tag="042" ind1=" " ind2=" ">
   <subfield code="a">DMLUC</subfield>
  </datafield>
  <datafield tag="090" ind1=" " ind2=" ">
   <subfield code="a">PL 5531</subfield>
   <subfield code="b">H53 2015</subfield>
  </datafield>
  <datafield tag="100" ind1="1" ind2=" ">
   <subfield code="a">Hidalgo, Cristina Pantoja</subfield>
   <subfield code="d">1944-</subfield>
   <subfield code="e">author.</subfield>
  </datafield>
  <datafield tag="245" ind1="1" ind2="0">
   <subfield code="a">To remember to remember</subfield>
   <subfield code="b">reflections on the literary memoirs of Filipino women</subfield>
   <subfield code="c">Cristina Pantoja Hidalgo.</subfield>
  </datafield>
  <datafield tag="264" ind1=" " ind2="1">
   <subfield code="a">Manila</subfield>
   <subfield code="b">University of Santo Tomas Publishing House</subfield>
   <subfield code="c">2015.</subfield>
  </datafield>
  <datafield tag="300" ind1=" " ind2=" ">
   <subfield code="a">xvii, 181 pages</subfield>
   <subfield code="c">23 cm</subfield>
  </datafield>
  <datafield tag="336" ind1=" " ind2=" ">
   <subfield code="a">text</subfield>
   <subfield code="2">rdacontent</subfield>
  </datafield>
  <datafield tag="337" ind1=" " ind2=" ">
   <subfield code="a">unmediated</subfield>
   <subfield code="2">rdamedia</subfield>
  </datafield>
  <datafield tag="338" ind1=" " ind2=" ">
   <subfield code="a">volume</subfield>
   <subfield code="2">rdacarrier</subfield>
  </datafield>
  <datafield tag="504" ind1=" " ind2=" ">
   <subfield code="a">Includes bibliographical references (pages 179-181).</subfield>
  </datafield>
  <datafield tag="520" ind1=" " ind2=" ">
   <subfield code="a">&quot;This book picks up a story which the author began to tell in 1994, with her groundbreaking study of the autobiographical narratives of Filipino women, &quot;Filipino Woman Writing&quot; (Second Edition, UST Publishing House, 2015). Here, Cristina Pantoja Hidalgo, a much-awarded writer of fiction and nonfiction, literary scholar, teacher and mentor to numerous younger writers, turns to the first women writers to own the name &quot;literary memoirist. Four generations of women writers are represented in this unusual volume which is itself both creative nonfiction and literary study: Paz Policarpio-Mendez (b. 1903); Solita Camara-Besa (b. 1915); Gilda Cordero-Fernando (b. 1930); Merlie Alunan (b. 1943); Criselda Yabes (b. 1964); Jenny Ortuoste (b.1968); and Rica Bolipata-Santos (b. 1969). Fascinating as the differences among them are, the things they have in common are equally striking. And, above all else, what they have in common is that they are-in their different ways-one and all, transgressive. Hidalgo shows how these writers have crafted stories from memories that continue to haunt them, using language whose shapeliness transform them into compelling experiences for their readers. They have taken a long, hard look at their little corners of the world, and brought them to life for their readers: small provincial town and big, glittering city; bohemian enclave; seedy old racetrack; and university campus. In the course of telling of their past, they have, as Nancy Ballard puts it, gathered meaning from that past and thrust it forward into the present, that they might serve readers as they negotiate the unknown, perilous future.&quot;--Back cover.</subfield>
  </datafield>
  <datafield tag="586" ind1=" " ind2=" ">
   <subfield code="a">35th National Book Awards Finalists, Best Book of Nonfiction Prose in English 2015.</subfield>
  </datafield>
  <datafield tag="650" ind1=" " ind2="0">
   <subfield code="a">Women authors, Filipino</subfield>
   <subfield code="v">Biography.</subfield>
  </datafield>
  <datafield tag="650" ind1=" " ind2="0">
   <subfield code="a">Women</subfield>
   <subfield code="z">Philippines</subfield>
   <subfield code="v">Biography.</subfield>
  </datafield>
  <datafield tag="651" ind1=" " ind2="0">
   <subfield code="a">Philippine literature</subfield>
   <subfield code="x">Women authors</subfield>
   <subfield code="x">History and criticism.</subfield>
  </datafield>
  <datafield tag="842" ind1=" " ind2=" ">
   <subfield code="a">Book</subfield>
  </datafield>
  <datafield tag="905" ind1=" " ind2=" ">
   <subfield code="a">FI</subfield>
  </datafield>
  <datafield tag="852" ind1="0" ind2=" ">
   <subfield code="a">UPD</subfield>
   <subfield code="b">DMLF</subfield>
   <subfield code="h">PL 5531 H53 2015</subfield>
  </datafield>
  <datafield tag="852" ind1="0" ind2=" ">
   <subfield code="a">UPD</subfield>
   <subfield code="b">GGRR</subfield>
   <subfield code="h">PL 5531</subfield>
   <subfield code="i">H53 2015</subfield>
  </datafield>
  <datafield tag="942" ind1=" " ind2=" ">
   <subfield code="a">Book</subfield>
  </datafield>
 </record>
</collection>
